Online katalóg knižníc regiónu Turca

Dekorácie (Record no. 20833)

MARC details
000 -LEADER
fixed length control field 02202cam a2200577 a 4500
001 - CONTROL NUMBER
control field 20833
003 - CONTROL NUMBER IDENTIFIER
control field VRT
005 - DATE AND TIME OF LATEST TRANSACTION
control field 20260204173345.0
008 - FIXED-LENGTH DATA ELEMENTS--GENERAL INFORMATION
fixed length control field 240318s2012 xo o g 000 0 slo
015 ## - NATIONAL BIBLIOGRAPHY NUMBER
National bibliography number SNBA2013/05
020 ## - INTERNATIONAL STANDARD BOOK NUMBER
International Standard Book Number 9788081075346
Qualifying information (viaz.)
035 ## - SYSTEM CONTROL NUMBER
System control number 72993AE8-758A-4809-B52D-CEE44642BAFC
035 ## - SYSTEM CONTROL NUMBER
System control number urn:nbn:sk:snk-amk0dy
035 ## - SYSTEM CONTROL NUMBER
System control number urn:nbn:sk:snk-am0087zp
039 #9 - LEVEL OF BIBLIOGRAPHIC CONTROL AND CODING DETAIL [OBSOLETE]
Level of rules in bibliographic description 202403181809
Level of effort used to assign nonsubject heading access points VLOAD
Level of effort used to assign subject headings 202105271131
Level of effort used to assign classification AUTHORITY
Level of effort used to assign subject headings 202105271125
Level of effort used to assign classification AUTHORITY
Level of effort used to assign subject headings 201601140829
Level of effort used to assign classification VLOAD
040 ## - CATALOGING SOURCE
Original cataloging agency SVKBB
Language of cataloging slo
Modifying agency SNK
Description conventions AACR2
041 1# - LANGUAGE CODE
Language code of text/sound track or separate title slo
Language code of original eng
044 ## - COUNTRY OF PUBLISHING/PRODUCING ENTITY CODE
MARC country code xo
ISO country code SK
072 #7 - SUBJECT CATEGORY CODE
Subject category code 643
Subject category code subdivision Byt. Miestnosti. Vybavenie bytu
Source konspekt
080 ## - UNIVERSAL DECIMAL CLASSIFICATION NUMBER
Universal Decimal Classification number 643:72.012.8
Edition identifier 2001
080 ## - UNIVERSAL DECIMAL CLASSIFICATION NUMBER
Universal Decimal Classification number 645:72.012.8
Edition identifier 2001
080 ## - UNIVERSAL DECIMAL CLASSIFICATION NUMBER
Universal Decimal Classification number (035)
Edition identifier 2001
080 ## - UNIVERSAL DECIMAL CLASSIFICATION NUMBER
Universal Decimal Classification number 643/645:72.012.8
Edition identifier 2001
080 ## - UNIVERSAL DECIMAL CLASSIFICATION NUMBER
Universal Decimal Classification number (084.11)
Edition identifier 2001
100 1# - MAIN ENTRY--PERSONAL NAME
Personal name Becker, Holly
Relationship aut
240 10 - UNIFORM TITLE
Uniform title Decorate
Language of a work Slovensky
245 10 - TITLE STATEMENT
Title Dekorácie
Remainder of title 1000 inšpiratívnych dizajnových nápadov pre každú izbu vášho domova
Statement of responsibility, etc. Holly Becker, Joanna Copestick ; fotografie Debi Treloar ; [z anglického vydania preložil Branislav Zorkócy]
250 ## - EDITION STATEMENT
Edition statement 1. slov. vyd.
260 ## - PUBLICATION, DISTRIBUTION, ETC.
Place of publication, distribution, etc. Bratislava
Name of publisher, distributor, etc. Svojtka & Co.
Date of publication, distribution, etc. 2012
300 ## - PHYSICAL DESCRIPTION
Extent 288 s.
Other physical details fareb. fotogr.
Dimensions 28 cm
650 07 - SUBJECT ADDED ENTRY--TOPICAL TERM
Topical term or geographic name entry element bytové interiéry
Source of heading or term SNKPH
650 07 - SUBJECT ADDED ENTRY--TOPICAL TERM
Topical term or geographic name entry element bytová architektúra
Source of heading or term SNKPH
650 07 - SUBJECT ADDED ENTRY--TOPICAL TERM
Topical term or geographic name entry element bytové vybavenie
Source of heading or term SNKPH
650 07 - SUBJECT ADDED ENTRY--TOPICAL TERM
Topical term or geographic name entry element dekorácia interiérov
Source of heading or term SNKPH
650 07 - SUBJECT ADDED ENTRY--TOPICAL TERM
Topical term or geographic name entry element Residential interiors
Source of heading or term SNKPHeng
650 07 - SUBJECT ADDED ENTRY--TOPICAL TERM
Topical term or geographic name entry element House furnishings
Source of heading or term SNKPHeng
650 07 - SUBJECT ADDED ENTRY--TOPICAL TERM
Topical term or geographic name entry element Interior architecture
Source of heading or term SNKPHeng
650 07 - SUBJECT ADDED ENTRY--TOPICAL TERM
Topical term or geographic name entry element Interior decoration
Source of heading or term SNKPHeng
655 #7 - INDEX TERM--GENRE/FORM
Genre/form data or focus term príručky
Source of term SNKPH
655 #7 - INDEX TERM--GENRE/FORM
Genre/form data or focus term obrazové publikácie
Source of term SNKPH
655 #7 - INDEX TERM--GENRE/FORM
Genre/form data or focus term Handbooks, manuals, etc.
Source of term SNKPHeng
655 #7 - INDEX TERM--GENRE/FORM
Genre/form data or focus term Pictorial works
Source of term SNKPHeng
700 1# - ADDED ENTRY--PERSONAL NAME
Personal name Copestick, Joanna,
Dates associated with a name 1960-
Relationship aut
700 1# - ADDED ENTRY--PERSONAL NAME
Personal name Zorkócy, Branislav
Relationship trl
700 1# - ADDED ENTRY--PERSONAL NAME
Personal name Treloar, Debi
Relationship pht
942 ## - ADDED ENTRY ELEMENTS (KOHA)
Source of classification or shelving scheme Dewey Decimal Classification
Koha item type Odborná literatúra pre dospelých
Suppress in OPAC No
949 ## - LOCAL PROCESSING INFORMATION (OCLC)
6 17A1066040
a snkSB 84791
b snk2013/7950
o 2505/13
s 6100:20140925
949 ## - LOCAL PROCESSING INFORMATION (OCLC)
6 17A1066039
a snkSB 84791 D1
b snk2013/7951
o 2505/13
949 ## - LOCAL PROCESSING INFORMATION (OCLC)
6 270001000404423
a svkbbC 57217
b svkbbm 732011
949 ## - LOCAL PROCESSING INFORMATION (OCLC)
6 273K0560142
a svkpoC 53362
b svkpo562233
q Poškodené hrany väzby
r Poškodené hrany väzby
Holdings
Stav vyradenia Strata Poškodenie Spôsob nadobudnutia Domovská knižnica Aktuálna knižnica Dátum nadobudnutia Total checkouts Čiarový kód exemplára Date last seen Date last checked out Typ exemplára
      Dar Obecná knižnica Folkušová Obecná knižnica Folkušová 04.02.2026 1 4734401012 11.03.2026 04.02.2026 Odborná literatúra pre dospelých
Projekt je podporený Slovenskou asociáciou knižníc
Prevádzkuje Turčianska knižnica Martin 2026